Facultad de Odontología.  Biblioteca.  Nodo central                      



header.jpg

Manual de anestesia local / (Registro nro. 9510)

Detalles MARC
000 -LEADER
campo de control de longitud fija 02198nam a22003497a 4500
003 - IDENTIFICADOR DE NÚMERO DE CONTROL
campo de control OSt
005 - FECHA Y HORA DE LA ÚLTIMA TRANSACCIÓN
campo de control 20260511144802.0
008 - DATOS DE LONGITUD FIJA--INFORMACIÓN GENERAL
campo de control de longitud fija 260511b |||||||| |||| 00| 0 sp d
020 ## - NÚMERO INTERNACIONAL ESTÁNDAR DEL LIBRO
Número Internacional Estándar del Libro 9786079660017
040 ## - FUENTE DE CATALOGACIÓN
Centro catalogador/agencia de origen gtgcusco
Lengua de catalogación spa
Centro/agencia transcriptor gtgcusco
Centro/agencia modificador gtgcusco
041 ## - CÓDIGO DE IDIOMA
Código de lengua del texto/banda sonora o título independiente spa
082 ## - NÚMERO DE LA CLASIFICACIÓN DECIMAL DEWEY
Número de edición 21
Número de clasificación 617.9676 M294:2
245 ## - MENCIÓN DEL TÍTULO
Título Manual de anestesia local /
Mención de responsabilidad, etc. Héctor R. Martínez Menchaca, comp.
250 ## - MENCION DE EDICION
Mención de edición 2 ed.
260 ## - PUBLICACIÓN, DISTRIBUCIÓN, ETC.
Lugar de publicación, distribución, etc. México :
Nombre del editor, distribuidor, etc. Aleaciones Dentales Zeyco,
Fecha de publicación, distribución, etc. 2018.
300 ## - DESCRIPCIÓN FÍSICA
Extensión 307 p. :
Otras características físicas il. ;
Dimensiones 21 cm.
504 ## - NOTA DE BIBLIOGRAFÍA, ETC.
Nota de bibliografía, etc. Incluye referencias bibliográficas
520 ## - RESUMEN, ETC.
Sumario, etc. [Tomado de la contraportada] En la actualidad, la práctica clínica odontológica requiere de una buena preparación y un amplio conocimiento de la salud en general como también del desarrollo y avances tecnológicos en equipos y materiales dentales. Del mismo modo, es fundamental contar con la asistencia y el apoyo en diferentes aspectos al momento de tratar a nuestros pacientes. Este compendio es una obra que tiene como objetivo principal ser un auxiliar en la atención de pacientes en la práctica odontológica. Un apoyo colateral en las cátedras de anestesiología, sedación y anestesia general, como también de la parte clínica de todas las especialidades. Simplifica toda la información en referente a los anestésicos locales que bien pudiese ser más extensa pero se prefirió realizar un trabajo que resume y orienta los temas de la anestesia local basado en evidencia científica con mayor validez y menor sesgo.
650 02 - PUNTO DE ACCESO ADICIONAL DE MATERIA--TÉRMINO DE MATERIA
Término de materia o nombre geográfico como elemento de entrada Anestesia en odontología
Subdivisión de forma Manuales
9 (RLIN) 18534
650 02 - PUNTO DE ACCESO ADICIONAL DE MATERIA--TÉRMINO DE MATERIA
Término de materia o nombre geográfico como elemento de entrada Anestesia local
Subdivisión de forma Manuales
9 (RLIN) 18535
650 02 - PUNTO DE ACCESO ADICIONAL DE MATERIA--TÉRMINO DE MATERIA
Término de materia o nombre geográfico como elemento de entrada Cirugía dental
Subdivisión de forma Manuales
9 (RLIN) 18536
700 0# - ENTRADA AGREGADA--NOMBRE PERSONAL
Nombre de persona Martínez Menchaca, Héctor R.
9 (RLIN) 18537
700 0# - ENTRADA AGREGADA--NOMBRE PERSONAL
Nombre de persona Rivera, Gerardo
Término indicativo de función/relación Couat.
9 (RLIN) 18538
700 0# - ENTRADA AGREGADA--NOMBRE PERSONAL
Nombre de persona Castellanos Suárez, José Luis
Término indicativo de función/relación Coaut.
9 (RLIN) 1606
700 0# - ENTRADA AGREGADA--NOMBRE PERSONAL
Nombre de persona Díaz Guzmán, Laura María
Término indicativo de función/relación Coaut.
9 (RLIN) 18539
700 0# - ENTRADA AGREGADA--NOMBRE PERSONAL
Nombre de persona Lee Gómez, Enrique Armando
Término indicativo de función/relación Coaut.
9 (RLIN) 18540
700 0# - ENTRADA AGREGADA--NOMBRE PERSONAL
Nombre de persona Farsi, Deema J.
Término indicativo de función/relación Coaut.
9 (RLIN) 18541
700 0# - ENTRADA AGREGADA--NOMBRE PERSONAL
Nombre de persona González Solís. Armando J.
Término indicativo de función/relación Coaut.
9 (RLIN) 18542
700 0# - ENTRADA AGREGADA--NOMBRE PERSONAL
Nombre de persona Monteagudo Arrieta, Carlos Alberto
Término indicativo de función/relación Coaut.
9 (RLIN) 18543
700 0# - ENTRADA AGREGADA--NOMBRE PERSONAL
Nombre de persona Garza Covarrubias, Gabriel Garza
9 (RLIN) 18544
Término indicativo de función/relación Coaut.
942 ## - ELEMENTOS DE ENTRADA SECUNDARIOS (KOHA)
Fuente del sistema de clasificación o colocación Clasificación Decimal Dewey
Tipo de ítem Koha Libros
Suprimir en OPAC No
Existencias
Estatus retirado Estado de pérdida Fuente del sistema de clasificación o colocación Estado de daño No para préstamo Biblioteca de origen Biblioteca actual Ubicación en estantería Fecha de adquisición Fuente de adquisición Coste, precio normal de compra Número de inventario Total de préstamos Signatura topográfica completa Código de barras Visto por última vez Copia número Precio de reemplazo Tipo de ítem Koha
    Clasificación Decimal Dewey     Biblioteca de la Facultad de Odontología Biblioteca de la Facultad de Odontología Colección general 23/04/2026 Imfhosa 50.00 Pend.   617.9676 M294:2 L00003294 11/05/2026 1 11/05/2026 Libros
    Clasificación Decimal Dewey     Biblioteca de la Facultad de Odontología Biblioteca de la Facultad de Odontología Colección general 23/04/2026 Imfhosa 50.00 Pend.   617.9676 M294:2 L00003295 11/05/2026 2 11/05/2026 Libros